Religion Quiz

Random Religion or Bible Quiz

Bible Figures Venn Diagram II Quiz Stats

Quiz not verified by Sporcle

Also try: What DID Jesus Do?
Challenge
Share
Tweet
Score 0/8 Timer 02:00
1 Play Today
% Correct
Stephen
79.1%
John
69.9%
Mark
67.7%
Paul
67.5%
Zechariah
66.1%
Moses
64.1%
Hezekiah
59.6%
Jeremiah
52.4%

You're not logged in!

Compare scores with friends on all Sporcle quizzes.
Join for Free
OR
Log In

You Might Also Like...

Show Comments

Extras

Top Quizzes Today


Score Distribution

Your Account Isn't Verified!

In order to create a playlist on Sporcle, you need to verify the email address you used during registration. Go to your Sporcle Settings to finish the process.

Report this User

Report this user for behavior that violates our Community Guidelines.

Details: